000 00407nam a2200181Ia 4500
001 15308
005 20260306170146.0
008 260306t1999||||xx |||||||||||||| ||und||
041 _aESP
082 _a531.12
_bM43
100 _aMeriam, J. L.
_eAUT
245 0 _aMecánica para ingenieros estática
260 _c1999
300 _a
_c
650 _aGEN
654 _aCCN
942 _cLIB
_dJUS
_fJUS
_2ddc
_n
999 _c15308
_d15308